Nghiên cứu-thiết kế hệ thống điều khiển thiết bị điện bằng SMARTPHONE Đồ án tốt nghiệp
Giới thiệu các thiết bị điện sử dụng trong công nghiệp và dân dụng ;tổng quan về MODULE ESP 8266 và ARDUINO; thiết kế hệ thông điều khiển các thiết bị trong nhà.
Đã lưu trong:
| Tác giả chính: | |
|---|---|
| Định dạng: | Sách |
| Năm xuất bản: |
Quảng Bình
Trường Đại học Quảng Bình
2017
|
| Chủ đề: | |
| Tags: |
Thêm thẻ
Không có thẻ, Hãy là người đầu tiên gắn thẻ bản ghi này!
|
| LEADER | 00991nam a2200193 4500 | ||
|---|---|---|---|
| 999 | |c 15092 |d 15092 | ||
| 082 | |a 621.317 |b Đ450TR | ||
| 100 | |a Đỗ trung Hiếu; Nguyễn Văn Sum | ||
| 245 | |a Nghiên cứu-thiết kế hệ thống điều khiển thiết bị điện bằng SMARTPHONE |c Đỗ trung Hiếu; Nguyễn Văn Sum Hướng dẫn |b Đồ án tốt nghiệp | ||
| 260 | |a Quảng Bình |b Trường Đại học Quảng Bình |c 2017 | ||
| 300 | |a 58tr. |c 29cm | ||
| 520 | |a Giới thiệu các thiết bị điện sử dụng trong công nghiệp và dân dụng ;tổng quan về MODULE ESP 8266 và ARDUINO; thiết kế hệ thông điều khiển các thiết bị trong nhà. | ||
| 653 | |a Kỹ thuật điện | ||
| 653 | |a Thết kế | ||
| 653 | |a Thiết bị | ||
| 653 | |a Điều khiển | ||
| 653 | |a Luận án | ||
| 942 | |2 ddc |c KL | ||
| 952 | |0 0 |1 0 |2 ddc |4 0 |6 621_317000000000000_Đ450TR |7 0 |8 600 |9 114153 |a qbu |b qbu |c D1 |d 2018-04-04 |o 621.317 Đ450TR |p LA692.C1 |r 2018-04-04 |w 2018-04-04 |y KL | ||